Communication Skills for Engineers ( DEPARTMENTAL ) (Record no. 920)

MARC details
000 -LEADER
fixed length control field 00458nam a2200169Ia 4500
008 - FIXED-LENGTH DATA ELEMENTS--GENERAL INFORMATION
fixed length control field 221030s9999 xx 000 0 und d
020 ## - INTERNATIONAL STANDARD BOOK NUMBER
ISBN 8177584375
041 ## - LANGUAGE CODE
Language code of text/sound track or separate title
082 ## - DEWEY DECIMAL CLASSIFICATION NUMBER
Classification number 105.23
Item number Mis
100 ## - MAIN ENTRY--AUTHOR NAME
Personal name S. Mishra
245 #0 - TITLE STATEMENT
Title Communication Skills for Engineers ( DEPARTMENTAL )
Statement of responsibility, etc by S. Mishra, C. Muralikrishna
260 ## - PUBLICATION, DISTRIBUTION, ETC. (IMPRINT)
Name of publisher Pearson Education
Place of publication New Delhi
Year of publication 2006
300 ## - PHYSICAL DESCRIPTION
Number of Pages 257
650 ## - SUBJECT ADDED ENTRY--TOPICAL TERM
Topical Term English
700 ## - ADDED ENTRY--PERSONAL NAME
Personal name C. Muralikrishna
942 ## - ADDED ENTRY ELEMENTS (KOHA)
Koha item type Books
Holdings
Accession Number Cost, normal purchase price Full call number Price effective from Koha item type Withdrawn / writtenoff status Materials specified (bound volume or other part) Damaged status Not for loan Permanent Location Current Location Shelving location Date acquired Lost/ Missing status department
BE 8365 175.00 105.23 Mis 10/30/2022 Books   Print     MIET Library, Jammu MIET Library, Jammu BL-Departmental, FL-1, CUP-88, SH-6, R-6 11/02/2006   BE